[Event "EOBCC 2020"]
[Site "Online"]
[Date "2020.12.18"]
[Round "6.2"]
[White "Ozen, Deniz"]
[Black "Onischuk, Vladimir"]
[Result "1-0"]
[WhiteElo "2412"]
[BlackElo "2633"]
[Annotator "TA"]
[PlyCount "105"]
[EventDate "2020.12.18"]
[EventType "tourn"]
[EventCountry "NET"]
[SourceTitle "playchess.com"]
[Source "ChessBase"]
[SourceQuality "1"]

1. e4 d6 2. d4 Nf6 3. Nc3 g6 4. Bf4 Nbd7 5. Nf3 c6 6. e5 Nh5 7. Be3 Qa5 8. exd6 exd6 9. Bd3 Bg7 10. O-O O-O 11. Qd2 d5 12. Rfe1 Qc7 13. g4 Nhf6 14. Bf4 Qd8 15. g5 Ne8 16. Qe3 Nc7 17. Bd6 Ne6 18. Bxf8 Ndxf8 19. Ne2 Qd6 20. c3 Bd7 21. Ne5 Re8 22. Nxd7 Nxd7 23. Nf4 Ndf8 24. Nxe6 fxe6 25. Qg3 Qd8 26. f4 c5 27. dxc5 Qc7 28. h4 Qxc5+ 29. Kg2 b5 30. h5 b4 31. hxg6 hxg6 32. Rac1 bxc3 33. bxc3 Qa3 34. c4 Qxa2+ 35. Qf2 Qa5 36. cxd5 Qxd5+ 37. Qf3 Qd6 38. Bc4 Qe7 39. Qe4 Qf7 40. Ba2 Re7 41. Rc6 a5 42. Rxe6 Nxe6 43. Bxe6 Rxe6 44. Qxe6 a4 45. Qxf7+ Kxf7 46. Re4 a3 47. Ra4 Bb2 48. Kf3 Ke6 49. Ke4 Kd6 50. f5 gxf5+ 51. Kxf5 Kc5 52. g6 Kb5 53. Rxa3 1-0

[Event "EOBCC 2020"]
[Site "Online"]
[Date "2020.12.18"]
[Round "6.3"]
[White "Wojtaszek, Radoslaw"]
[Black "Karpus, Michal"]
[Result "1/2-1/2"]
[WhiteElo "2705"]
[BlackElo "2311"]
[Annotator "TA"]
[PlyCount "76"]
[EventDate "2020.12.18"]
[EventType "tourn"]
[EventCountry "NET"]
[SourceTitle "playchess.com"]
[Source "ChessBase"]
[SourceQuality "1"]

1. d4 Nf6 2. c4 e6 3. Nf3 d5 4. g3 g6 5. Bg2 Bg7 6. O-O O-O 7. Nc3 b6 8. cxd5 exd5 9. Bf4 Bb7 10. Rc1 Na6 11. Be5 Qe7 12. e3 c5 13. Qa4 Rfd8 14. Rfd1 Nb4 15. a3 Bc6 16. Qb3 Na6 17. Qc2 c4 18. b4 Nc7 19. Bxc7 Qxc7 20. Ne5 Bb7 21. Qb2 a6 22. a4 Rac8 23. Rb1 Qe7 24. b5 a5 25. Qc2 Qe6 26. Nc6 Bxc6 27. bxc6 Qxc6 28. Rb5 Bf8 29. Rdb1 Rb8 30. Qb2 Bb4 31. Na2 Be7 32. Rxb6 Rxb6 33. Qxb6 Qxa4 34. Nc3 Qa3 35. Nb5 Qa2 36. Nc3 Qa3 37. Nb5 Qa2 38. Nc3 Qa3 1/2-1/2

[Event "EOBCC 2020"]
[Site "Online"]
[Date "2020.12.18"]
[Round "6.4"]
[White "Martirosyan, Haik M."]
[Black "Navara, David"]
[Result "0-1"]
[WhiteElo "2622"]
[BlackElo "2697"]
[Annotator "RC"]
[PlyCount "116"]
[EventDate "2020.12.18"]
[EventType "tourn"]
[EventCountry "NET"]
[SourceTitle "playchess.com"]
[Source "ChessBase"]
[SourceQuality "1"]

1. d4 Nf6 2. Nf3 e6 3. c4 b6 4. Nc3 Bb4 5. Bg5 h6 6. Bh4 g5 7. Bg3 Ne4 8. Qc2 Bb7 9. Nd2 Bxc3 10. bxc3 Nxg3 11. hxg3 f5 12. e4 fxe4 13. Nxe4 Qe7 14. Be2 Nc6 15. Bh5+ Kf8 16. f4 Kg7 17. O-O Rhf8 18. Rf2 Na5 19. Raf1 Nxc4 20. fxg5 Ne3 21. gxh6+ Kh8 22. Rxf8+ Rxf8 23. Rxf8+ Qxf8 24. Qd3 Qxh6 25. Bf3 Nf5 26. g4 Nh4 27. Nd2 Bxf3 28. Nxf3 Qc1+ 29. Kf2 Qf4 30. Qd2 Qxd2+ 31. Nxd2 Kg7 32. Kg3 Ng6 33. Nc4 Kf6 34. a4 d5 35. Nd2 c6 36. Nf3 a5 37. Kf2 e5 38. Ke3 e4 39. Nd2 Kg5 40. c4 Kxg4 41. Nxe4 dxe4 42. Kxe4 Kg5 43. d5 Kf6 44. dxc6 Ke6 45. c7 Kd7 46. c5 Kxc7 47. Kd4 Nf4 48. cxb6+ Kxb6 49. g4 Kc6 50. Kc4 Ne6 51. Kc3 Kc5 52. Kd3 Kb4 53. Ke4 Kxa4 54. Kf5 Nf8 55. g5 Kb5 56. Kf6 Nh7+ 57. Kg6 Nxg5 58. Kxg5 a4 0-1

[Event "EOBCC 2020"]
[Site "Online"]
[Date "2020.12.18"]
[Round "6.5"]
[White "Demidov, Mikhail"]
[Black "Saric, Ivan"]
[Result "1-0"]
[WhiteElo "2526"]
[BlackElo "2652"]
[Annotator "ChessBase"]
[PlyCount "125"]
[EventDate "2020.12.18"]
[EventType "tourn"]
[EventCountry "NET"]
[SourceTitle "playchess.com"]
[Source "ChessBase"]
[SourceQuality "1"]

1. Nf3 g6 2. g3 Bg7 3. Bg2 d5 4. O-O Nf6 5. c4 dxc4 6. Qa4+ Nfd7 7. Qxc4 O-O 8. d3 Nc6 9. Nc3 h6 10. Qh4 e5 11. Qxd8 Nxd8 12. Bd2 c6 13. Ne4 Ne6 14. Nd6 Rd8 15. Rab1 a5 16. Rfc1 Ndc5 17. Nxc8 Rdxc8 18. Be3 Nd7 19. Nd2 Nd4 20. Kf1 Nf5 21. Bh3 Nxe3+ 22. fxe3 f5 23. e4 Rf8 24. exf5 gxf5 25. Kg2 Nb6 26. Nc4 Nxc4 27. Rxc4 Rae8 28. Rf1 e4 29. d4 e3 30. Rxf5 Rxf5 31. Bxf5 Rd8 32. b4 axb4 33. Rxb4 Rxd4 34. Rxb7 Rd2 35. Kf3 Bd4 36. a4 Kf8 37. Rc7 c5 38. Bd3 Ra2 39. Bb5 Ra1 40. Kg2 h5 41. h3 Ra2 42. Rh7 c4 43. Bxc4 Rxa4 44. Bd3 Ra5 45. Bg6 Kg8 46. Rxh5 Ra2 47. Bd3 Rd2 48. Kf3 Kg7 49. Rh7+ Kg8 50. Rd7 Bc5 51. h4 Kf8 52. g4 Rd1 53. g5 Rh1 54. Kg4 Be7 55. Rd4 Kg7 56. Kf5 Rf1+ 57. Ke6 Bc5 58. Rd7+ Kg8 59. h5 Rg1 60. Kf5 Rf1+ 61. Kg6 Kf8 62. h6 Ke8 63. Bb5 1-0

[Event "EOBCC 2020"]
[Site "Online"]
[Date "2020.12.18"]
[Round "6.6"]
[White "Pakleza, Zbigniew"]
[Black "Hovhannisyan, Robert"]
[Result "0-1"]
[WhiteElo "2501"]
[BlackElo "2642"]
[Annotator "ChessBase"]
[PlyCount "138"]
[EventDate "2020.12.18"]
[EventType "tourn"]
[EventCountry "NET"]
[SourceTitle "playchess.com"]
[Source "ChessBase"]
[SourceQuality "1"]

1. d4 d5 2. Bf4 Nf6 3. e3 c5 4. c3 Nc6 5. Nd2 Bg4 6. Ngf3 e6 7. Qb3 Qc8 8. h3 Bh5 9. Be2 Be7 10. dxc5 Bxc5 11. c4 O-O 12. O-O Rd8 13. cxd5 Nxd5 14. Bg5 Be7 15. Bxe7 Ndxe7 16. Rfd1 Qc7 17. Rac1 Rd7 18. Nc4 Rxd1+ 19. Rxd1 Rd8 20. Rxd8+ Nxd8 21. Nd4 Bxe2 22. Nxe2 Ndc6 23. Nf4 h6 24. a3 Nd5 25. Nd3 b6 26. Qb5 Qd7 27. a4 Nc7 28. Qb3 Qd5 29. Qc3 Qd7 30. Nce5 Nxe5 31. Nxe5 Qd1+ 32. Kh2 Qd6 33. f4 f6 34. Qc6 Qxc6 35. Nxc6 a5 36. Kg3 Kf7 37. Kf3 Ke8 38. Nd4 Kd7 39. g4 Kd6 40. Ke4 Na6 41. Nb3 Nc5+ 42. Nxc5 Kxc5 43. g5 Kb4 44. gxf6 gxf6 45. f5 e5 46. Kd5 Kxa4 47. Ke6 Kb3 48. Kxf6 Kxb2 49. Kxe5 a4 50. f6 a3 51. f7 a2 52. f8=Q a1=Q 53. Qxh6 b5 54. Qb6 Kb3+ 55. Qd4 Qc1 56. Qd5+ Ka4 57. e4 b4 58. Qa2+ Kb5 59. Qe2+ Qc4 60. Qxc4+ Kxc4 61. Kf6 b3 62. e5 b2 63. e6 b1=Q 64. e7 Qf1+ 65. Kg7 Qe2 66. Kf8 Qf3+ 67. Ke8 Kc5 68. Kd7 Qd5+ 69. Kc7 Qd6+ 0-1

[Event "EOBCC 2020"]
[Site "Online"]
[Date "2020.12.18"]
[Round "6.7"]
[White "Jones, Gawain C B"]
[Black "Steinberg, Nitzan"]
[Result "1-0"]
[WhiteElo "2670"]
[BlackElo "2553"]
[Annotator "TA"]
[PlyCount "103"]
[EventDate "2020.12.18"]
[EventType "tourn"]
[EventCountry "NET"]
[SourceTitle "playchess.com"]
[Source "ChessBase"]
[SourceQuality "1"]

1. Nf3 d5 2. g3 g6 3. Bg2 Bg7 4. c4 c6 5. Na3 Nf6 6. O-O O-O 7. d3 Nbd7 8. d4 a6 9. b3 Ne4 10. Bb2 b5 11. Ne5 Bb7 12. Nxd7 Qxd7 13. Rc1 Rfd8 14. Nb1 bxc4 15. bxc4 a5 16. Nd2 Nd6 17. cxd5 cxd5 18. Nb3 Qb5 19. Ba3 a4 20. Nc5 Nc4 21. Rb1 Qe8 22. Nxb7 Nxa3 23. Nxd8 Nxb1 24. Nxf7 Nc3 25. Qd3 Nxe2+ 26. Qxe2 Qxf7 27. Bh3 Kh8 28. Be6 Qf6 29. Bxd5 Rd8 30. Be6 Rxd4 31. Re1 h5 32. h4 Kh7 33. Bh3 e5 34. Bg2 Bf8 35. Be4 Kg7 36. Rc1 Rd7 37. Rc6 Bd6 38. Qd3 Rd8 39. Qc2 a3 40. Rb6 Qf7 41. Rb7 Rd7 42. Bxg6 Qe6 43. Bf5 Qxf5 44. Qxf5 Rxb7 45. Qg5+ Kf7 46. Qxh5+ Ke6 47. Qg4+ Kd5 48. Qg8+ Kd4 49. h5 e4 50. h6 Rb8 51. h7 Be5 52. Qxb8 1-0

[Event "EOBCC 2020"]
[Site "Online"]
[Date "2020.12.18"]
[Round "6.8"]
[White "Smirnov, Pavel"]
[Black "Sjugirov, Sanan"]
[Result "1/2-1/2"]
[WhiteElo "2544"]
[BlackElo "2663"]
[Annotator "ChessBase"]
[PlyCount "139"]
[EventDate "2020.12.18"]
[EventType "tourn"]
[EventCountry "NET"]
[SourceTitle "playchess.com"]
[Source "ChessBase"]
[SourceQuality "1"]

1. d4 Nf6 2. c4 g6 3. Nf3 Bg7 4. g3 c6 5. Bg2 d5 6. b3 O-O 7. O-O a5 8. Nc3 Ne4 9. Bb2 Bf5 10. cxd5 cxd5 11. Ne5 Nc6 12. Nxc6 bxc6 13. Na4 Qd6 14. Rc1 h5 15. f3 Nf6 16. Qd2 Nd7 17. e4 dxe4 18. fxe4 Bg4 19. h3 Be6 20. Qf2 Ra6 21. Rfd1 Qb8 22. d5 cxd5 23. Bxg7 Kxg7 24. exd5 Bf5 25. Rc6 Ra7 26. Qd4+ Nf6 27. d6 Rd7 28. Qe5 Rfd8 29. Re1 Rxd6 30. Rc5 Re6 31. Qxb8 Rxe1+ 32. Kf2 Rxb8 33. Kxe1 Be4 34. Bf1 Ra8 35. Nb6 Ra7 36. Nc8 Rd7 37. Rxa5 Rc7 38. Nb6 Rc1+ 39. Kf2 Rc2+ 40. Ke3 Rc3+ 41. Kd4 Rxg3 42. a4 Rg1 43. Bc4 Bg2 44. Rc5 Bxh3 45. a5 Bg2 46. a6 Ra1 47. Rc7 h4 48. Rxe7 h3 49. Rxf7+ Kh6 50. Rxf6 h2 51. Rf8 Kg7 52. Rf7+ Kh6 53. Rf8 Kg5 54. Rh8 h1=Q 55. Rxh1 Bxh1 56. b4 Kf6 57. b5 Ke7 58. Kc5 Kd8 59. Bd5 Bxd5 60. Nxd5 g5 61. Kb6 g4 62. a7 g3 63. Ne3 Kc8 64. Ng2 Ra4 65. Ne3 Ra2 66. Ng2 Ra1 67. Nf4 Ra2 68. Ng2 Ra1 69. Nh4 Ra2 70. Ng2 1/2-1/2

[Event "EOBCC 2020"]
[Site "Online"]
[Date "2020.12.18"]
[Round "6.9"]
[White "Olszewski, Michal"]
[Black "Cheparinov, Ivan"]
[Result "0-1"]
[WhiteElo "2525"]
[BlackElo "2688"]
[Annotator "TA"]
[PlyCount "48"]
[EventDate "2020.12.18"]
[EventType "tourn"]
[EventCountry "NET"]
[SourceTitle "playchess.com"]
[Source "ChessBase"]
[SourceQuality "1"]

1. e4 c5 2. Nf3 Nc6 3. Nc3 e5 4. Bc4 Be7 5. d3 d6 6. Nd2 Nf6 7. Nf1 Bg4 8. Qd2 Nd7 9. Ne3 Be6 10. Ned5 Nb6 11. Nxb6 axb6 12. Nd5 O-O 13. O-O Nd4 14. c3 b5 15. cxd4 bxc4 16. Nxe7+ Qxe7 17. d5 Bd7 18. dxc4 b5 19. cxb5 Bxb5 20. Re1 f5 21. b3 Qh4 22. f3 fxe4 23. g3 Qh3 24. Rxe4 Qf1# 0-1

[Event "EOBCC 2020"]
[Site "Online"]
[Date "2020.12.18"]
[Round "6.10"]
[White "Movsesian, Sergei"]
[Black "Jovanovic, Zoran"]
[Result "0-1"]
[WhiteElo "2647"]
[BlackElo "2517"]
[Annotator "ChessBase"]
[PlyCount "108"]
[EventDate "2020.12.18"]
[EventType "tourn"]
[EventCountry "NET"]
[SourceTitle "playchess.com"]
[Source "ChessBase"]
[SourceQuality "1"]

1. e4 d6 2. d4 Nf6 3. Nc3 e5 4. Nf3 Nc6 5. d5 Ne7 6. Bg5 a6 7. Bxf6 gxf6 8. Bd3 f5 9. exf5 Nxf5 10. Qe2 Bg7 11. O-O Nh4 12. Nd2 Ng6 13. f4 O-O 14. f5 Nf4 15. Qg4 Nxd3 16. cxd3 f6 17. Rf3 Qe7 18. Raf1 Rf7 19. Rh3 Bd7 20. Nde4 b5 21. Qh5 Bh8 22. Rff3 Rg7 23. Rfg3 Rxg3 24. Rxg3+ Bg7 25. Nd1 Be8 26. Qh4 Kh8 27. Ne3 Bf7 28. Rh3 Bg8 29. Ng4 Rf8 30. b4 Qf7 31. Ne3 Qd7 32. Rg3 c6 33. dxc6 Qxc6 34. h3 d5 35. Nc5 d4 36. Ng4 Bxa2 37. Nf2 Bg8 38. Nfe4 Qc8 39. Qg4 Bh6 40. Nd6 Qc7 41. Nde4 Qe7 42. Nxa6 Be3+ 43. Kh1 Bf4 44. Rf3 Bd5 45. Nac5 Bxe4 46. Nxe4 Qxb4 47. g3 Qe1+ 48. Kg2 Rg8 49. Qh4 Bg5 50. Qh5 Qe2+ 51. Kh1 b4 52. h4 b3 53. Nxg5 fxg5 54. f6 b2 0-1

[Event "EOBCC 2020"]
[Site "Online"]
[Date "2020.12.18"]
[Round "6.11"]
[White "Yilmaz, Mustafa"]
[Black "Khanin, Semen"]
[Result "1-0"]
[WhiteElo "2630"]
[BlackElo "2511"]
[Annotator "TA"]
[PlyCount "95"]
[EventDate "2020.12.18"]
[EventType "tourn"]
[EventCountry "NET"]
[SourceTitle "playchess.com"]
[Source "ChessBase"]
[SourceQuality "1"]

1. d4 Nf6 2. c4 e6 3. Nf3 d5 4. Nc3 Bb4 5. Bg5 h6 6. Bxf6 Qxf6 7. Qa4+ Nc6 8. e3 O-O 9. Rc1 Bd7 10. Qb3 Qe7 11. a3 Bxc3+ 12. Qxc3 dxc4 13. Bxc4 Rfe8 14. Ba2 Rac8 15. O-O e5 16. d5 Nb8 17. Qa5 Bg4 18. Nd2 a6 19. h3 Be2 20. Rfe1 Bb5 21. Ne4 b6 22. Qd2 Red8 23. Nc3 Be8 24. Red1 Nd7 25. d6 Qxd6 26. Qxd6 cxd6 27. Rxd6 Nc5 28. Rxb6 Na4 29. Rb4 Rd2 30. Rd1 Nxc3 31. Rxd2 Nxa2 32. Rb6 Bb5 33. a4 Be8 34. Rxa6 Nb4 35. Rb6 Nc6 36. b4 Ne7 37. b5 Ra8 38. Ra6 Rc8 39. Rad6 f5 40. Rd8 Rc1+ 41. Rd1 Rxd1+ 42. Rxd1 Kf7 43. Rd8 e4 44. b6 Bxa4 45. b7 Nc6 46. Rc8 Nb8 47. Rxb8 Bc6 48. Rf8+ 1-0

[Event "EOBCC 2020"]
[Site "Online"]
[Date "2020.12.18"]
[Round "6.12"]
[White "Petrosyan, Manuel"]
[Black "Kourkoulos-Arditis, Stamatis"]
[Result "1-0"]
[WhiteElo "2628"]
[BlackElo "2485"]
[Annotator "ChessBase"]
[PlyCount "113"]
[EventDate "2020.12.18"]
[EventType "tourn"]
[EventCountry "NET"]
[SourceTitle "playchess.com"]
[Source "ChessBase"]
[SourceQuality "1"]

1. d4 Nf6 2. c4 g6 3. Nc3 Bg7 4. e4 d6 5. Nf3 O-O 6. Be2 e5 7. O-O Na6 8. Be3 c6 9. dxe5 dxe5 10. h3 Qe7 11. Qc2 Nc5 12. b4 Ne6 13. Nxe5 Qxb4 14. c5 Nd4 15. Bxd4 Qxd4 16. Nd3 Nxe4 17. Nxe4 Qxe4 18. Rab1 Bf5 19. Rxb7 Rfe8 20. Re1 Rad8 21. Rb3 Bd4 22. Qc1 Qh4 23. Qf4 Qxf4 24. Nxf4 Bxc5 25. Kf1 Bb6 26. Bd3 Rxe1+ 27. Kxe1 Bxd3 28. Rxd3 Rxd3 29. Nxd3 f6 30. Ke2 Kf7 31. Nb4 c5 32. Nc2 Ke6 33. Ne3 Bc7 34. Nc4 Kd5 35. Kd3 Kc6 36. a4 Kd5 37. g4 Bf4 38. f3 Bc7 39. Ne3+ Ke5 40. f4+ Kd6 41. Ke4 Kc6 42. f5 Be5 43. Nc4 Bd4 44. h4 Ba1 45. fxg6 hxg6 46. h5 gxh5 47. gxh5 f5+ 48. Kxf5 Kd5 49. Ne3+ Kd6 50. h6 Bh8 51. h7 Kc6 52. Ke6 c4 53. Nxc4 Kc5 54. Ne3 Kb4 55. Kf7 Kxa4 56. Kg8 Be5 57. Nf5 1-0

[Event "EOBCC 2020"]
[Site "Online"]
[Date "2020.12.18"]
[Round "6.13"]
[White "Rasulov, Vugar"]
[Black "Ponkratov, Pavel"]
[Result "1/2-1/2"]
[WhiteElo "2478"]
[BlackElo "2625"]
[Annotator "ChessBase"]
[PlyCount "152"]
[EventDate "2020.12.18"]
[EventType "tourn"]
[EventCountry "NET"]
[SourceTitle "playchess.com"]
[Source "ChessBase"]
[SourceQuality "1"]

1. d4 Nf6 2. c4 e5 3. dxe5 Ng4 4. Nh3 Nxe5 5. e3 d6 6. Nf4 g6 7. Be2 Bg7 8. O-O a5 9. Nc3 O-O 10. Qc2 Na6 11. b3 a4 12. Ba3 Bf5 13. e4 Bd7 14. Nxa4 Bxa4 15. bxa4 Qh4 16. g3 Qd8 17. Rad1 Qe8 18. Nd5 Kh8 19. Bb2 c6 20. Nb6 Rd8 21. a5 Nc5 22. Rfe1 Qe7 23. Kg2 h5 24. h3 h4 25. f4 Ned7 26. Bxg7+ Kxg7 27. g4 Ne6 28. Rf1 f6 29. Qc3 Ndc5 30. e5 dxe5 31. Rxd8 Rxd8 32. fxe5 f5 33. gxf5 gxf5 34. Rxf5 Nd4 35. Nd5 Rxd5 36. cxd5 Nxf5 37. d6 Qg5+ 38. Bg4 Ne6 39. d7 Ne3+ 40. Kf3 Nxg4 41. hxg4 Qf4+ 42. Ke2 Qxg4+ 43. Kf2 Qf4+ 44. Kg2 Kf7 45. Qb3 Qg5+ 46. Kf1 Ke7 47. Qxb7 Qf4+ 48. Kg2 Qg3+ 49. Kf1 Qd3+ 50. Kf2 Qd4+ 51. Kf1 Qa1+ 52. Kf2 Qxa2+ 53. Kf3 Qd5+ 54. Kf2 Qxa5 55. d8=Q+ Kxd8 56. Qb8+ Ke7 57. Qd6+ Kf7 58. Qd7+ Kf8 59. Qd6+ Kg7 60. Qe7+ Kh8 61. Qxe6 Qd2+ 62. Kf1 Qf4+ 63. Kg2 Qe4+ 64. Kh3 Qh1+ 65. Kg4 Qe4+ 66. Kg5 c5 67. Kf6 Qf4+ 68. Ke7 Kh7 69. Qf6 Qg4 70. e6 h3 71. Qf7+ Kh6 72. Qf6+ Qg6 73. Qh4+ Qh5 74. Qf6+ Qg6 75. Qh4+ Qh5 76. Qf6+ Qg6 1/2-1/2

[Event "EOBCC 2020"]
[Site "Online"]
[Date "2020.12.18"]
[Round "6.14"]
[White "Muradli, Mahammad"]
[Black "Piorun, Kacper"]
[Result "1-0"]
[WhiteElo "2449"]
[BlackElo "2615"]
[Annotator "TA"]
[PlyCount "91"]
[EventDate "2020.12.18"]
[EventType "tourn"]
[EventCountry "NET"]
[SourceTitle "playchess.com"]
[Source "ChessBase"]
[SourceQuality "1"]

1. Nf3 Nf6 2. d4 g6 3. c4 Bg7 4. Nc3 d6 5. e4 O-O 6. Be2 Na6 7. O-O e5 8. Be3 Ng4 9. Bg5 f6 10. Bh4 Qe8 11. c5 dxc5 12. dxe5 Nxe5 13. Nxe5 Qxe5 14. Bxa6 bxa6 15. Bg3 Qe7 16. Re1 Rb8 17. Nd5 Qf7 18. Qc2 Be6 19. Nxc7 Bxa2 20. Nxa6 Rbc8 21. Nxc5 Bc4 22. b4 f5 23. Rac1 Bb5 24. exf5 gxf5 25. Bd6 Rfe8 26. h3 Bc6 27. Qb3 Bd5 28. Qg3 Qg6 29. Kh2 Rcd8 30. Bc7 Rc8 31. Bf4 Bf7 32. Nd3 Bc4 33. Qxg6 hxg6 34. Rxe8+ Rxe8 35. Rxc4 Rd8 36. Nc5 Rd5 37. Ne6 Bf6 38. Rc7 a5 39. bxa5 Rxa5 40. Rb7 Ra4 41. Bg3 Re4 42. Nc5 Rc4 43. Nd7 Bd8 44. Ne5 Rc8 45. Nxg6 Ra8 46. Be5 1-0

[Event "EOBCC 2020"]
[Site "Online"]
[Date "2020.12.18"]
[Round "6.15"]
[White "Smirin, Ilia"]
[Black "Dourerassou, Jonathan"]
[Result "0-1"]
[WhiteElo "2614"]
[BlackElo "2477"]
[Annotator "ChessBase"]
[PlyCount "120"]
[EventDate "2020.12.18"]
[EventType "tourn"]
[EventCountry "NET"]
[SourceTitle "playchess.com"]
[Source "ChessBase"]
[SourceQuality "1"]

1. e4 e6 2. d4 d5 3. Nd2 c5 4. Ngf3 cxd4 5. Nxd4 Nc6 6. Bb5 Bd7 7. Bxc6 bxc6 8. O-O e5 9. N4f3 Bd6 10. exd5 cxd5 11. Nxe5 Bxe5 12. Re1 Qe7 13. f4 Bd4+ 14. Kh1 Be6 15. f5 Nf6 16. fxe6 O-O 17. exf7+ Qxf7 18. Nf3 Bb6 19. Be3 Ne4 20. Bxb6 axb6 21. Qd4 Rae8 22. Rad1 Re6 23. Kg1 Kh8 24. Qxd5 Qe7 25. Rd4 Re8 26. h3 h6 27. a4 Nc5 28. Rxe6 Nxe6 29. Re4 Qf6 30. Nd4 Nc7 31. Rxe8+ Nxe8 32. c3 Nd6 33. b4 Qf4 34. Qa8+ Kh7 35. Qf3 Qc1+ 36. Kh2 Qg5 37. Qd3+ Kh8 38. Ne2 Qe5+ 39. Kg1 Ne4 40. Qe3 Qd5 41. Nd4 Kg8 42. a5 bxa5 43. bxa5 Qb7 44. a6 Qb1+ 45. Kh2 Qb8+ 46. g3 Nc5 47. Qe2 Qb6 48. Nf5 Nxa6 49. h4 Nc5 50. Qe8+ Kh7 51. Ne7 Qe6 52. Qf8 Qe2+ 53. Kh3 Qe6+ 54. Qf5+ Qxf5+ 55. Nxf5 Kg6 56. g4 h5 57. Kg3 Ne4+ 58. Kf4 Nxc3 59. gxh5+ Kxh5 60. Nxg7+ Kxh4 0-1

[Event "EOBCC 2020"]
[Site "Online"]
[Date "2020.12.18"]
[Round "6.16"]
[White "Efimov, Igor"]
[Black "Indjic, Aleksandar"]
[Result "0-1"]
[WhiteElo "2416"]
[BlackElo "2604"]
[Annotator "RC"]
[PlyCount "64"]
[EventDate "2020.12.18"]
[EventType "tourn"]
[EventCountry "NET"]
[SourceTitle "playchess.com"]
[Source "ChessBase"]
[SourceQuality "1"]

1. d4 Nf6 2. Bg5 g6 3. Nc3 d6 4. e4 h6 5. Bh4 Bg7 6. Qd2 a6 7. f4 O-O 8. O-O-O b5 9. e5 b4 10. exf6 bxc3 11. Qxc3 exf6 12. Nf3 Nd7 13. f5 g5 14. Bf2 Nb6 15. g4 Rb8 16. b3 Nd5 17. Qd2 Bb7 18. Rg1 a5 19. a4 Re8 20. Bb5 Re4 21. Bd3 Rf4 22. Ne1 Nb4 23. Be3 Re4 24. Bxe4 Bxe4 25. Kb2 Qd7 26. Nd3 Nxd3+ 27. cxd3 Qxa4 28. Qc3 Bd5 29. Kc1 Rxb3 30. Qc2 Qa3+ 31. Kd2 Rb2 32. Rc1 a4 0-1

[Event "EOBCC 2020"]
[Site "Online"]
[Date "2020.12.18"]
[Round "6.17"]
[White "Saraci, Nderim"]
[Black "Hakobyan, Aram"]
[Result "0-1"]
[WhiteElo "2415"]
[BlackElo "2598"]
[Annotator "TA"]
[PlyCount "96"]
[EventDate "2020.12.18"]
[EventType "tourn"]
[EventCountry "NET"]
[SourceTitle "playchess.com"]
[Source "ChessBase"]
[SourceQuality "1"]

1. d4 Nf6 2. Nf3 e6 3. Bf4 b6 4. e3 Bb7 5. Nbd2 Be7 6. h3 Bd6 7. Bxd6 cxd6 8. Bd3 d5 9. O-O O-O 10. Re1 d6 11. Rc1 Nbd7 12. c4 Qe7 13. cxd5 Nxd5 14. a3 Rfc8 15. Qe2 h6 16. Ba6 N7f6 17. Qd3 Qd7 18. Bb5 Qd8 19. Ba6 Rxc1 20. Rxc1 Rc8 21. Rxc8 Qxc8 22. Bxb7 Qxb7 23. Qc2 Ne7 24. Ne1 a5 25. a4 Nf5 26. Qc4 Nh4 27. Ndf3 Nxf3+ 28. Nxf3 Qe4 29. Nd2 Qf5 30. Qc6 Qd3 31. Qc8+ Kh7 32. Qc1 g6 33. Nc4 Ne4 34. f3 Ng3 35. Kf2 Ne2 36. Qd2 Qxc4 37. Qxe2 Qxa4 38. Qd2 Qb3 39. Kg3 a4 40. e4 b5 41. Qf4 Kg8 42. Qxd6 Qxb2 43. Qb8+ Kh7 44. d5 exd5 45. exd5 a3 46. d6 Qe5+ 47. f4 Qe3+ 48. Kh2 Qxf4+ 0-1

[Event "EOBCC 2020"]
[Site "Online"]
[Date "2020.12.18"]
[Round "6.18"]
[White "Bazeev, German"]
[Black "Sanal, Vahap"]
[Result "1-0"]
[WhiteElo "2398"]
[BlackElo "2557"]
[Annotator "TA"]
[PlyCount "81"]
[EventDate "2020.12.18"]
[EventType "tourn"]
[EventCountry "NET"]
[SourceTitle "playchess.com"]
[Source "ChessBase"]
[SourceQuality "1"]

1. d4 Nf6 2. Nf3 d5 3. c4 e6 4. g3 Bb4+ 5. Bd2 Bxd2+ 6. Nbxd2 O-O 7. Bg2 c6 8. Qc2 Nbd7 9. O-O b6 10. e4 Bb7 11. e5 Ne8 12. cxd5 cxd5 13. Rfc1 Rc8 14. Qd1 Nc7 15. Bf1 a5 16. h4 f6 17. Qe1 Qe7 18. Rc3 fxe5 19. Nxe5 Nxe5 20. Qxe5 Rf5 21. Qe3 Rcf8 22. f4 Ne8 23. Re1 R5f6 24. Nf3 Nd6 25. Bd3 Nc4 26. Qe2 Qb4 27. Rb3 Qd6 28. Ng5 g6 29. h5 h6 30. Nf3 g5 31. Ne5 Qc7 32. Rc3 Qg7 33. Bg6 gxf4 34. gxf4 Rxf4 35. Rg3 Kh8 36. Qg2 Nxe5 37. Rxe5 Rxd4 38. Rxe6 Rh4 39. Bd3 Qd4+ 40. Rge3 Qf4 41. Rf3 1-0

[Event "EOBCC 2020"]
[Site "Online"]
[Date "2020.12.18"]
[Round "6.19"]
[White "Pantsulaia, Levan"]
[Black "Kuzmicz, Krystian"]
[Result "1-0"]
[WhiteElo "2553"]
[BlackElo "2469"]
[Annotator "ChessBase"]
[PlyCount "67"]
[EventDate "2020.12.18"]
[EventType "tourn"]
[EventCountry "NET"]
[SourceTitle "playchess.com"]
[Source "ChessBase"]
[SourceQuality "1"]

1. Nf3 g6 2. g3 Bg7 3. Bg2 e5 4. c4 d6 5. Nc3 f5 6. O-O Nf6 7. d3 O-O 8. Rb1 Nc6 9. b4 h6 10. b5 Ne7 11. c5 Be6 12. cxd6 cxd6 13. Ba3 Ned5 14. Nxd5 Nxd5 15. Rc1 Rf7 16. Nd2 a6 17. e4 Ne7 18. bxa6 Rxa6 19. Rc3 Qa8 20. Qc1 f4 21. Qb2 g5 22. Rfc1 g4 23. Nc4 f3 24. Bf1 Bxc4 25. dxc4 Rc6 26. c5 d5 27. exd5 Nxd5 28. Rb3 e4 29. Qd2 Nc7 30. Bc4 Ne6 31. Qd5 e3 32. Rxe3 Re7 33. Qf5 Kh8 34. Qxg4 1-0

[Event "EOBCC 2020"]
[Site "Online"]
[Date "2020.12.18"]
[Round "6.20"]
[White "Van Foreest, Jorden"]
[Black "Belyakov, Bogdan"]
[Result "1-0"]
[WhiteElo "2671"]
[BlackElo "2450"]
[Annotator "TA"]
[PlyCount "215"]
[EventDate "2020.12.18"]
[EventType "tourn"]
[EventCountry "NET"]
[SourceTitle "playchess.com"]
[Source "ChessBase"]
[SourceQuality "1"]

1. e4 e5 2. Nf3 Nc6 3. Bb5 Nf6 4. d3 Bc5 5. O-O d6 6. c3 O-O 7. h3 a6 8. Ba4 Ba7 9. Bc2 Ne7 10. d4 Ng6 11. Re1 Re8 12. Nbd2 Nh5 13. Nf1 Nhf4 14. Be3 Qf6 15. Ng3 h6 16. Nf5 exd4 17. N3xd4 Ne6 18. Qf3 Nxd4 19. Nxh6+ Kh7 20. Qxf6 gxf6 21. cxd4 d5 22. e5 fxe5 23. Nxf7 exd4 24. Ng5+ Kg7 25. Bxd4+ Bxd4 26. Rxe8 Bxb2 27. Rae1 Bf6 28. Ne6+ Bxe6 29. Rxa8 Bd7 30. Bb3 Bc6 31. Rg8+ Kxg8 32. g3 Kf7 33. f4 Bc3 34. Rc1 Bd2 35. Rd1 Be3+ 36. Kg2 Ne7 37. Kf3 Bc5 38. g4 Kf6 39. g5+ Kg6 40. Bc2+ Kh5 41. Re1 d4+ 42. Be4 Nf5 43. Bxc6 bxc6 44. Re5 Nh4+ 45. Ke4 Bd6 46. Re6 Ng6 47. h4 d3 48. Ke3 d2 49. Kxd2 Bxf4+ 50. Kd3 Bd6 51. Re4 Nxh4 52. Ra4 Kxg5 53. Rxa6 Nf5 54. a4 Kf6 55. a5 Ke6 56. Rxc6 Kd7 57. Rc1 Kc8 58. Rb1 Ne7 59. Kc4 Nc6 60. a6 Nb4 61. Kb5 Kb8 62. Ra1 Ka7 63. Kc4 Nc6 64. Kd5 Nb8 65. Ra2 Nxa6 66. Kc6 Be5 67. Kb5 Kb7 68. Rxa6 Bd6 69. Ra2 Be5 70. Kc5 Bd6+ 71. Kd5 Kb6 72. Rb2+ Ka5 73. Kc4 Ka6 74. Rb1 Ka5 75. Kd5 Ka6 76. Kc6 Ka5 77. Rb8 Ka4 78. Rb5 Ka3 79. Kd5 Ka4 80. Kc4 Ka3 81. Rb7 Be5 82. Rb3+ Ka2 83. Rb5 Bd6 84. Kc3 Bf4 85. Ra5+ Kb1 86. Rf5 Bd6 87. Rd5 Bf4 88. Rf5 Bd6 89. Rf2 Be5+ 90. Kd3 Bd6 91. Rc2 Be5 92. Re2 Bd6 93. Rg2 Be5 94. Rc2 Bf4 95. Kc3 Be5+ 96. Kb3 Bd6 97. Rc4 c5 98. Rc3 c4+ 99. Rxc4 Bb8 100. Rc2 Ba7 101. Ra2 Bb8 102. Ra8 Bc7 103. Rc8 Bb6 104. Rc6 Ba7 105. Rc7 Bb6 106. Rb7 Bc5 107. Rf7 Kc1 108. Rc7 1-0